000
00294nam a22001217a 4500
008
171017b xxu||||| |||| 00| 0 eng d
041
_a
alb
080
_a
330.101.542
100
_a
52
101
_a
MIK
245
_a
LIBËR UDHËZUES MBI DECENTRALIZIMIN NË KOSOVË
_c
EBEL,R.D
942
_2
udc
_c
BK
999
_c
34490
_d
34490